| 000 | 00570nam a2200181 4500 | ||
|---|---|---|---|
| 001 | 14338 | ||
| 005 | 20230410123519.0 | ||
| 008 | 060907n2002 dr spa | ||
| 020 | _a9993483362 | ||
| 035 | _9funglode14460 | ||
| 041 | _aES | ||
| 050 | 1 | 4 | _aKGQ 3725 A162a 2002 |
| 100 | _aAbreu Padilla, Leonardo Antonio | ||
| 245 | 1 |
_aAcuerdos para la promoción y protección de inversiones suscritos por la República Dominicana / _cLeonardo Antonio Abreu Padilla |
|
| 260 |
_aSanto Domingo : _bEditorial Gente, _c2002 |
||
| 300 | _a327 p. | ||
| 942 |
_2lcc _cbk |
||
| 999 |
_c62980 _d62980 |
||